000 00911nas a2200301 4500
001 BR0204725
003 BR-BrBNA
005 20231205103241.0
007 ta
008 230509b bl.|||p| |||| 00| 00por d
040 _aBR-BrBNA
_bpor
_cBiblioteca Nacional de Agricultura
041 _a(Pt)
072 _aH60; F01
100 1 _aCarvalho, F.T. de
100 1 _aMendonça, M.R.
100 1 _aPeruchi, M.
100 1 _aPalazzo, R.R.B.
245 1 _aEficácia de herbicidas no manejo de Euphorbia heterophylla para o plantio direto de soja
650 _aSOJA
650 _aAMENDOIM BRAVO
650 _aHERBICIDA
650 _aPÓS-EMERGÊNCIA
650 _aPLANTIO DIRETO
650 _aCONTROLE QUÍMICO
773 0 _tRevista Brasileira de Herbicidas (Brazil)
_xISSN 1517-9443
_g(May-Aug 2000), v. 1(2) p. 159-165
_wBR0204725
909 _a202311
_bLúcia
_c55
_dLúcia Elande
942 _2AGRIS
_n0
_cANA
999 _c171887
_d171887